| 000 | 00875nam a22001937a 4500 | ||
|---|---|---|---|
| 999 |
_c7672 _d7672 |
||
| 003 | AR-CdUCM | ||
| 008 | 190321b ||||| |||| 00| 0 spa d | ||
| 040 |
_aMUNICIPALIDAD PROVINCIAL DEL CUSCO _cBIBLIOTECA MUNICIPAL DEL CUSCO |
||
| 082 |
_aES / 603 / _bEN56 |
||
| 245 |
_aEnciclopedia consulta : _bmedicina para todos / |
||
| 260 |
_aEspaña : _bCodex, _c1965. |
||
| 300 |
_a1260, XXIV páginas ; _bilustraciones, láminas, _c30 cm. |
||
| 505 | _aContenido: v.5: Una enfermedad del páncreas -- Las grasas -- El insomnio -- La ciática -- Las dermatomicosis -- El metabolismo de los azúcares -- La pubertad -- v.7: Educación física y deporte -- El aborto provocado -- Las nefrosis -- El sistema nervioso central: el cerebro... | ||
| 650 |
_aMedicina general _921670 |
||
| 650 |
_aEnfermedades _95611 |
||
| 650 |
_aConsultas _921671 |
||
| 942 |
_2ddc _cLIBROS |
||
| 945 | _aachl | ||